000 01049cab a2200289 4500
001 WB3027-48
008 090401t1994 xxu||||| |||| 00| 0 eng d
035 _a(Sirsi) u4584
041 _aeng
245 _aTrans-European network grows
260 _c1994
350 _a0
490 _aPlanning (for the Natural and Built Environment)
_v(1076) 8 July 1994, 3(1)
520 _aOutlines the UK government proposals for a contribution towards the Trans-European Road Network (TERN) scheme. Map. Surrey CC is also drawing up formal objections to the proposed link roads between junctions 12 and 15 of M25 due to go to public inquiry at the end of 1994.
650 _aEUROPE
650 _aInfrastructure
_96246
650 _aM25
650 _aMOTORWAYS
650 _aROADBUILDING
650 _aPROPERTY-INFRASTRUCTURE-TRANSPORT INFRASTRUCTURE-ROAD INFRASTRUCTURE
650 _aTERN
650 _aTRANS-EUROPEAN ROAD NETWORK
690 _aOVERSEAS-EUROPE
690 _aTRANSPORT AND COMMUNICATIONS
942 _n0
948 _c04/03/1997
999 _c2772
_d2772